Les commentaires sur le premier livre des éléments d'Euclide

Guardat en:
Dades bibliogràfiques
Autor principal: Lycie, Proclus de (Autor)
Format: Llibre
Idioma:francès
Publicat: París Albert Blanchard 1948
Col·lecció:Collection de Travaux de l'Académie Internationale d'Historie des Sciences, 1
Matèries:
Etiquetes: Afegir etiqueta
Sense etiquetes, Sigues el primer a etiquetar aquest registre!

MARC

LEADER 00000nam a2200000 a 4500
001 UCP3383
003 CL-VaPUC
008 990618e19480000FR |||||||||||||||||fre|d
082 0 4 |a 516.2  |b LYC  |2 21 
100 0 |a Lycie, Proclus de  |e author  |9 430612 
245 1 4 |a Les commentaires sur le premier livre des éléments d'Euclide 
300 |a 372 p 
942 |c BK 
945 |d 19990618 00:00:00  |a crobeson 
260 |a París  |b Albert Blanchard  |c 1948 
600 0 7 |a EUCLIDES  |2 CL-VaPUC  |9 335277 
650 7 |a GEOMETRIA EUCLIDEA  |2 CL-VaPUC  |9 359752 
650 0 |a Geometría plana  |9 265855 
583 |a last modification  |c 19990618 00:00:00  |k Rodrigo Vera 
490 0 |a Collection de Travaux de l'Académie Internationale d'Historie des Sciences, 1 
999 |c 281711  |d 281709